00479nam a2200145Ia 4500008004100000041000800041082001600049100001900065245003100084260003800115700001900153700002000172999001900192952012200211230627s9999 xx 000 0 und d amar a345.05bRAN aRanchhoddas R  aCode Of Criminal Procedure aNagpurbWadhawa And Companyc2004 a Ratanlal R.  a Thakore D. K.  c687400d687400 001040708LLBaNLPbNLPcNLP-32d2005-03-31g360.00l0o345.05 RANpNLP-N08194r2023-07-17 00:00:00w2023-07-17yBK